Stranger Things Name Game - Statistics

General Stats
  • This quiz has been taken 470 times
  • The average score is 20 of 31
Answer Stats
Hint Answer % Correct
Eddie Munson
94%
Steve Harrington
86%
Lucas Sinclair
86%
Dustin Henderson
85%
Max Mayfield
84%
Erica Sinclair
84%
Will Byers
79%
Holly Wheeler
76%
Ted Wheeler
74%
Nancy Wheeler
74%
Mike Wheeler
74%
Joyce Byers
73%
Jim Hopper
73%
Jonathan Byers
72%
Karen Wheeler
72%
Henry Creel
71%
Robin Buckley
68%
Jane Hopper
67%
Murray Bauman
63%
Billy Hargrove
63%
Victor Creel
62%
Martin Brenner
57%
Bob Newby
57%
Terry Ives
54%
Lonnie Byers
50%
Scott Clarke
46%
Sam Owens
46%
Barb Holland
45%
Suzie Bingham
43%
Jason Carver
38%
Vickie Dunne
26%
No matching quizzes found
Score Distribution
Percent of People with Each Score
Percentile by Number Answered
Your Score History
You have not taken this quiz